000
00303nam a2200133Ia 4500
100
_a
Romans.D Simons
942
_c
BK
654
_a
welding
245
_a
Welding Processes & Technology
260
_b
Sir ISAAC Pitman & Sons Ltd.
_a
London
_c
1968
082
_a
671.5
300
_a
268
546
_a
ENGLISH
999
_c
22279
_d
22279